书目信息 |
| 题名: |
七修类稿
|
|
| 作者: | 郎瑛 著 | |
| 分册: | ||
| 出版信息: | 上海 世纪出版集团 2001 |
|
| 页数: | 611页 | |
| 开本: | 20cm | |
| 丛书名: | 历代笔记丛刊 | |
| 单 册: | ||
| 中图分类: | K206.6 | |
| 科图分类: | ||
| 主题词: | 笔记--中国--明代 | |
| 电子资源: | ||
| ISBN: | 7-80622-741-5 | |
| 000 | 00591nam0 2200217 45 | |
| 001 | 0304011432 | |
| 005 | 20040507102531.4 | |
| 010 | @a7-80622-741-5@dCNY35.50 | |
| 100 | @a20030401d2001 km y0chiy0120 ea | |
| 101 | 0 | @achi |
| 105 | @a z 000yy | |
| 200 | 1 | @a七修类稿@AQi Xiu Lei Gao@f(明)郎瑛著@F(Ming)Lang Ying Zhu |
| 210 | @a上海@c世纪出版集团@c上海书店出版社@d2001 | |
| 215 | @a611页@d20cm | |
| 225 | @a历代笔记丛刊 | |
| 410 | @12001 @a历代笔记丛刊 | |
| 606 | 0 | @a笔记@y中国@z明代 |
| 690 | @aK206.6@v4 | |
| 701 | 0 | @a郎瑛@4著 |
| 801 | @aCN@bTSTC@c20030401 | |
| 905 | @dK206.6@e73 | |
| 七修类稿/(明)郎瑛著.-上海:世纪出版集团:上海书店出版社,2001 |
| 611页;20cm.-(历代笔记丛刊) |
| ISBN 7-80622-741-5:CNY35.50 |
| ● |
| 相关链接 |
|
|
|
|
正题名:七修类稿
索取号:K206.6/73
 
预约/预借
| 序号 | 登录号 | 条形码 | 馆藏地/架位号 | 状态 | 备注 |
| 1 | 0322063 | 203220638 | 第二借阅区/ [索取号:K206.6/73] | 在馆 | |
| 2 | 0322064 | 203220647 | 第二借阅区/ [索取号:K206.6/73] | 在馆 | |
| 3 | 0322065 | 203220656 | 第二借阅区/ [索取号:K206.6/73] | 在馆 | |
| 4 | 0322066 | 203220665 | 第二借阅区/ [索取号:K206.6/73] | 在馆 | |
| 5 | 0322067 | 203220674 | 第二样本阅览室/ [索取号:K206.6/73] | 在馆 |